[Event "NB I. Charousek csoport"]
[Site "Ajka"]
[Date "2024.05.12"]
[Round "11.12"]
[White "Pasti, Anna"]
[Black "Borocz, Lorinc"]
[Result "1-0"]
[WhiteElo "1976"]
[BlackElo "1946"]
[PlyCount "59"]
[EventDate "2023.10.08"]
[EventType "team-tourn"]
[EventRounds "11"]
[EventCountry "HUN"]
[Source "chess.hu"]
[WhiteTeam "Sentimento Ajka BSK"]
[BlackTeam "Z.Csuti-Hydrocomp SK"]
[WhiteTeamCountry "HUN"]
[BlackTeamCountry "HUN"]

1. g3 c5 2. Bg2 Nf6 3. c4 d6 4. d3 Nc6 5. Nc3 e6 6. e4 Be7 7. Nge2 O-O 8. O-O
Rb8 9. h3 a6 10. a4 Nd7 11. Be3 Bf6 12. f4 Nd4 13. g4 g6 14. f5 Nxe2+ 15. Qxe2
Ne5 16. Bh6 Re8 17. Qd2 Bg7 18. Bxg7 Kxg7 19. f6+ Kh8 20. g5 Rg8 21. Rf4 Nd7
22. Rh4 Nf8 23. Rf1 Qa5 24. Rh6 b5 25. Rf4 bxa4 26. Rfh4 a3 27. Qf4 e5 28.
Rxh7+ Nxh7 29. Rxh7+ Kxh7 30. Qh4# 1-0

[Event "NB I. Charousek csoport"]
[Site "Szombathely"]
[Date "2024.05.12"]
[Round "11.1"]
[White "Vertetics, Attila"]
[Black "Csonka, Attila Istvan"]
[Result "1/2-1/2"]
[WhiteElo "2440"]
[BlackElo "2307"]
[PlyCount "26"]
[EventDate "2023.10.08"]
[EventType "team-tourn"]
[EventRounds "11"]
[EventCountry "HUN"]
[Source "chess.hu"]
[WhiteTeam "Gyori Elektromos"]
[BlackTeam "Haladas VSE II."]
[WhiteTeamCountry "HUN"]
[BlackTeamCountry "HUN"]

1. d4 Nf6 2. Nf3 e6 3. g3 d5 4. Bg2 Be7 5. O-O O-O 6. c4 c6 7. Qc2 b5 8. cxd5
cxd5 9. Bf4 Bb7 10. Rc1 Nc6 11. Nbd2 Rc8 12. Qd1 Qb6 13. Nb3 a5 1/2-1/2

[Event "NB I. Charousek csoport"]
[Site "Szombathely"]
[Date "2024.05.12"]
[Round "11.2"]
[White "Kiss, Attila"]
[Black "Ezsol, Miklos"]
[Result "1-0"]
[WhiteElo "2282"]
[BlackElo "2323"]
[PlyCount "81"]
[EventDate "2023.10.08"]
[EventType "team-tourn"]
[EventRounds "11"]
[EventCountry "HUN"]
[Source "chess.hu"]
[WhiteTeam "Haladas VSE II."]
[BlackTeam "Gyori Elektromos"]
[WhiteTeamCountry "HUN"]
[BlackTeamCountry "HUN"]

1. e4 Nf6 2. e5 Nd5 3. d4 d6 4. c4 Nb6 5. exd6 cxd6 6. Nc3 g6 7. Be3 Bg7 8. Rc1
O-O 9. b3 Nc6 10. d5 Ne5 11. Be2 a5 12. Nf3 Nxf3+ 13. Bxf3 Nd7 14. O-O Nf6 15.
Re1 Bd7 16. Bd4 b6 17. Rc2 Re8 18. h3 Rb8 19. Rce2 Rb7 20. Qa1 Bc8 21. Ne4 Rf8
22. Bg4 Bxg4 23. hxg4 Ne8 24. Bxg7 Nxg7 25. Qc1 f5 26. gxf5 Rxf5 27. g4 Rf8 28.
Qh6 Qc8 29. f3 e5 30. Kg2 Ne8 31. Rh1 Rf4 32. Rh3 Qd8 33. Ng5 Qe7 34. Nxh7 Qxh7
35. Qxf4 Qxh3+ 36. Kxh3 exf4 37. Rxe8+ Kf7 38. Re1 g5 39. Kg2 Rd7 40. Kf2 Rd8
41. Ke2 1-0

[Event "NB I. Charousek csoport"]
[Site "Szombathely"]
[Date "2024.05.12"]
[Round "11.3"]
[White "Farkas, Lajos Dr"]
[Black "Sardy, Peter Dr"]
[Result "0-1"]
[WhiteElo "2177"]
[BlackElo "2370"]
[PlyCount "95"]
[EventDate "2023.10.08"]
[EventType "team-tourn"]
[EventRounds "11"]
[EventCountry "HUN"]
[Source "chess.hu"]
[WhiteTeam "Gyori Elektromos"]
[BlackTeam "Haladas VSE II."]
[WhiteTeamCountry "HUN"]
[BlackTeamCountry "HUN"]

1. d4 d6 2. Nf3 g6 3. c4 Bg7 4. Nc3 Nc6 5. e4 e5 6. d5 Nd4 7. Be2 c5 8. dxc6
bxc6 9. O-O Ne7 10. Be3 Nxf3+ 11. Bxf3 Be6 12. Be2 O-O 13. Qd2 Qc7 14. Rfd1
Rad8 15. Rac1 Rd7 16. Nd5 Qd8 17. Nxe7+ Qxe7 18. Qa5 f5 19. f3 fxe4 20. fxe4
Qh4 21. Qe1 Qxe4 22. Bf3 Rxf3 23. gxf3 Qxf3 24. Qf2 Qxf2+ 25. Bxf2 d5 26. cxd5
cxd5 27. Rc8+ Kf7 28. Bc5 d4 29. Rf1+ Bf5 30. Ra8 e4 31. Rxa7 Rxa7 32. Bxa7 e3
33. Rf4 e2 34. Kf2 d3 35. Bd4 Bh6 36. Be3 Ke6 37. Re4+ Bxe4 38. Bxh6 Bd5 39. a4
Kf5 40. Bd2 Ke4 41. b4 Bb3 42. a5 Bc4 43. Be1 g5 44. h3 g4 45. hxg4 Kf4 46. g5
Kxg5 47. Kf3 Kf5 48. Bd2 0-1

[Event "NB I. Charousek csoport"]
[Site "Szombathely"]
[Date "2024.05.12"]
[Round "11.4"]
[White "Farkas, Gabor"]
[Black "Schmikli, Laszlo"]
[Result "1/2-1/2"]
[WhiteElo "2289"]
[BlackElo "2184"]
[PlyCount "69"]
[EventDate "2023.10.08"]
[EventType "team-tourn"]
[EventRounds "11"]
[EventCountry "HUN"]
[Source "chess.hu"]
[WhiteTeam "Haladas VSE II."]
[BlackTeam "Gyori Elektromos"]
[WhiteTeamCountry "HUN"]
[BlackTeamCountry "HUN"]

1. e4 c6 2. d4 g6 3. c4 Bg7 4. Be3 Qb6 5. Qd2 c5 6. e5 cxd4 7. Bxd4 Qc7 8. Nc3
Nc6 9. Nd5 Qd8 10. Nf3 e6 11. Nc3 Nxd4 12. Qxd4 Ne7 13. O-O-O O-O 14. Ne4 Qa5
15. Nf6+ Kh8 16. Bd3 Qxa2 17. Qh4 h6 18. Nh5 Ng8 19. Nxg7 Kxg7 20. Qf4 b5 21.
h4 Bb7 22. Nd4 bxc4 23. Bb1 Qa1 24. Rh3 c3 25. Rxc3 Rac8 26. Rdd3 Bd5 27. Nc2
Rxc3 28. Rxc3 Qa6 29. Ne3 Rc8 30. Nxd5 exd5 31. Qd4 Qf1+ 32. Kc2 Qe2+ 33. Kc1
Qf1+ 34. Kc2 Qe2+ 35. Kc1 1/2-1/2

[Event "NB I. Charousek csoport"]
[Site "Szombathely"]
[Date "2024.05.12"]
[Round "11.5"]
[White "Borzsei, Andras"]
[Black "Csontos, Aron"]
[Result "1-0"]
[WhiteElo "2091"]
[BlackElo "2134"]
[PlyCount "103"]
[EventDate "2023.10.08"]
[EventType "team-tourn"]
[EventRounds "11"]
[EventCountry "HUN"]
[Source "chess.hu"]
[WhiteTeam "Gyori Elektromos"]
[BlackTeam "Haladas VSE II."]
[WhiteTeamCountry "HUN"]
[BlackTeamCountry "HUN"]

1. d4 Nf6 2. c4 e6 3. Nc3 Bb4 4. e3 c5 5. Bd3 d5 6. Nf3 cxd4 7. exd4 dxc4 8.
Bxc4 O-O 9. O-O Nbd7 10. Bg5 Be7 11. Re1 Nb6 12. Bb3 Nbd5 13. Ne5 Nxc3 14. bxc3
Qc7 15. Bxf6 Bxf6 16. Ng4 Bg5 17. Re5 f5 18. Ne3 Kh8 19. Nc4 b6 20. Re1 Ba6 21.
Ne5 Qxc3 22. Qh5 h6 23. Ng6+ Kh7 24. Nxf8+ Rxf8 25. Rad1 Bd2 26. Rxe6 Bc4 27.
Qg6+ Kh8 28. Re8 Rxe8 29. Qxe8+ Kh7 30. Qc8 b5 31. Qxf5+ Kg8 32. Qc2 Qxc2 33.
Bxc2 Bc3 34. Bb3 Bxb3 35. axb3 a5 36. Rd3 Bb2 37. Rd2 Bc3 38. Ra2 Kf7 39. Kf1
Ke6 40. Ke2 Kd5 41. Kd3 Bb4 42. f4 h5 43. g3 Be1 44. Ra1 Bb4 45. h3 g6 46. g4
h4 47. f5 gxf5 48. gxf5 Kd6 49. Ke4 Bc3 50. Rg1 a4 51. bxa4 bxa4 52. Rg6+ 1-0

[Event "NB I. Charousek csoport"]
[Site "Szombathely"]
[Date "2024.05.12"]
[Round "11.6"]
[White "Pergel, Laszlo"]
[Black "Horvath, Tamas"]
[Result "1/2-1/2"]
[WhiteElo "2190"]
[BlackElo "2104"]
[PlyCount "27"]
[EventDate "2023.10.08"]
[EventType "team-tourn"]
[EventRounds "11"]
[EventCountry "HUN"]
[Source "chess.hu"]
[WhiteTeam "Haladas VSE II."]
[BlackTeam "Gyori Elektromos"]
[WhiteTeamCountry "HUN"]
[BlackTeamCountry "HUN"]

1. e4 c5 2. Nf3 d6 3. Bb5+ Bd7 4. Bxd7+ Qxd7 5. c4 Nf6 6. Nc3 g6 7. d4 cxd4 8.
Nxd4 Bg7 9. f3 O-O 10. Be3 Rc8 11. b3 Nc6 12. Rc1 Qd8 13. O-O Nxd4 14. Bxd4
1/2-1/2

[Event "NB I. Charousek csoport"]
[Site "Szombathely"]
[Date "2024.05.12"]
[Round "11.7"]
[White "Jozsa, Csaba"]
[Black "Gombocz, Zsofia"]
[Result "1-0"]
[WhiteElo "2123"]
[BlackElo "2070"]
[PlyCount "91"]
[EventDate "2023.10.08"]
[EventType "team-tourn"]
[EventRounds "11"]
[EventCountry "HUN"]
[Source "chess.hu"]
[WhiteTeam "Gyori Elektromos"]
[BlackTeam "Haladas VSE II."]
[WhiteTeamCountry "HUN"]
[BlackTeamCountry "HUN"]

1. e4 e5 2. Bc4 Nc6 3. Nf3 Bc5 4. a3 a6 5. Nc3 Nf6 6. O-O d6 7. h3 h6 8. d3 O-O
9. Bd2 Be6 10. Bxe6 fxe6 11. Nh2 Qe8 12. g3 d5 13. Kg2 Rd8 14. Qe1 Qg6 15. f3
Rf7 16. Nd1 Nd4 17. Rc1 dxe4 18. dxe4 Rdf8 19. Nf2 Qh5 20. Nd3 Bd6 21. Be3 c5
22. c3 Nb3 23. Rd1 c4 24. Nc1 Nxc1 25. Rxc1 Nd7 26. Rd1 Bc7 27. Qe2 b5 28. Rd2
Qg6 29. Rfd1 Nf6 30. Bc5 Rc8 31. Bd6 h5 32. Bxc7 Rcxc7 33. h4 Nd7 34. Nf1 Nc5
35. Rd6 Nd3 36. Kh2 Qf6 37. Kg2 Ra7 38. b3 g5 39. bxc4 bxc4 40. Ne3 gxh4 41.
Nxc4 Qg5 42. R6xd3 Qxg3+ 43. Kh1 Rg7 44. Qh2 Rac7 45. Nxe5 Rg5 46. f4 1-0

[Event "NB I. Charousek csoport"]
[Site "Szombathely"]
[Date "2024.05.12"]
[Round "11.8"]
[White "Apro, Barnabas"]
[Black "Kiss, Balazs"]
[Result "1-0"]
[WhiteElo "2073"]
[BlackElo "1994"]
[PlyCount "149"]
[EventDate "2023.10.08"]
[EventType "team-tourn"]
[EventRounds "11"]
[EventCountry "HUN"]
[Source "chess.hu"]
[WhiteTeam "Haladas VSE II."]
[BlackTeam "Gyori Elektromos"]
[WhiteTeamCountry "HUN"]
[BlackTeamCountry "HUN"]

1. e4 c6 2. Nf3 d6 3. d4 Nf6 4. Nc3 g6 5. a4 Bg7 6. Bc4 O-O 7. Bb3 Qc7 8. O-O
e5 9. h3 a5 10. Re1 Na6 11. Be3 h6 12. Qd2 Kh7 13. Rad1 Nd7 14. d5 c5 15. Nb5
Qb6 16. Na3 Qc7 17. Nc4 b6 18. c3 Nf6 19. Bc2 Rb8 20. Nh2 g5 21. f4 gxf4 22.
Bxf4 Rg8 23. Be3 Bf8 24. Rf1 Bxh3 25. Rxf6 Rxg2+ 26. Qxg2 Bxg2 27. Kxg2 Bg7 28.
Rf5 Rg8 29. Rdf1 f6 30. Kh1 Nb8 31. Ng4 Nd7 32. R1f2 Qb8 33. Rh2 Kg6 34. Bxh6
b5 35. Bxg7 Kxg7 36. axb5 Qxb5 37. Bd3 Qa4 38. Nge3 Rh8 39. Rxh8 Kxh8 40. Bc2
Qb5 41. Rf2 Nb6 42. Nxb6 Qxb6 43. Nc4 Qb5 44. Bd3 Qb8 45. Rxf6 Qd8 46. Rf2 Kg7
47. Ne3 Qb6 48. Nf5+ Kg6 49. Bc4 a4 50. Bd3 Kg5 51. Ne3 Qb3 52. Bc4 Qb6 53. Bf1
Qb3 54. Nc4 Kh4 55. Nxd6 a3 56. bxa3 Qxc3 57. Nf5+ Kg5 58. Kg1 Qe1 59. Re2 Qd1
60. Re3 Kf4 61. d6 c4 62. Rc3 Kxe4 63. Ng3+ Kf4 64. Ne2+ Kg5 65. Rxc4 Qxd6 66.
Rc3 Qd1 67. Kf2 Qd2 68. Bg2 Qa2 69. Bc6 Kf6 70. a4 Ke6 71. Ke3 Kd6 72. Bb5 Qb1
73. Rc6+ Ke7 74. Nc3 Qb4 75. Nd5+ 1-0

[Event "NB I. Charousek csoport"]
[Site "Szombathely"]
[Date "2024.05.12"]
[Round "11.9"]
[White "Papai, Mate"]
[Black "Vilics, Hanna"]
[Result "1/2-1/2"]
[WhiteElo "2031"]
[BlackElo "1804"]
[PlyCount "95"]
[EventDate "2023.10.08"]
[EventType "team-tourn"]
[EventRounds "11"]
[EventCountry "HUN"]
[Source "chess.hu"]
[WhiteTeam "Gyori Elektromos"]
[BlackTeam "Haladas VSE II."]
[WhiteTeamCountry "HUN"]
[BlackTeamCountry "HUN"]

1. d4 d5 2. c4 e6 3. Nc3 Nf6 4. cxd5 exd5 5. Bg5 Be7 6. e3 O-O 7. Qc2 b6 8. Bd3
h6 9. Bh4 Bb7 10. Nf3 Nbd7 11. O-O c5 12. Rac1 cxd4 13. exd4 Bb4 14. Bf5 Qb8
15. Qa4 Bxc3 16. Rxc3 Bc8 17. Rfc1 Qf4 18. Bh3 Nc5 19. Qd1 Bxh3 20. dxc5 Be6
21. Bxf6 Qxf6 22. Qd4 Qxd4 23. Nxd4 bxc5 24. Rxc5 Rfb8 25. b3 Rb7 26. a3 a6 27.
f4 g6 28. Kf2 Kf8 29. Ra5 Rb6 30. Rc6 Rxc6 31. Nxc6 Ke8 32. Ke3 Kd7 33. Nb4 d4+
34. Kxd4 Bxb3 35. Rxa6 Rc8 36. Nd3 Rc4+ 37. Ke3 Rc3 38. Kd4 Rc4+ 39. Ke5 Rc2
40. Ra7+ Kc8 41. g4 Rxh2 42. Nc5 Bc4 43. f5 gxf5 44. gxf5 h5 45. Kf6 h4 46. Nd7
Rb2 47. Ne5 Bd5 48. Nd3 1/2-1/2

[Event "NB I. Charousek csoport"]
[Site "Szombathely"]
[Date "2024.05.12"]
[Round "11.10"]
[White "Hajdu, Istvan"]
[Black "Steiner, Botond"]
[Result "1/2-1/2"]
[WhiteElo "1821"]
[BlackElo "1926"]
[PlyCount "96"]
[EventDate "2023.10.08"]
[EventType "team-tourn"]
[EventRounds "11"]
[EventCountry "HUN"]
[Source "chess.hu"]
[WhiteTeam "Haladas VSE II."]
[BlackTeam "Gyori Elektromos"]
[WhiteTeamCountry "HUN"]
[BlackTeamCountry "HUN"]

1. e4 e6 2. d4 d5 3. exd5 exd5 4. Bf4 Nf6 5. Bd3 Be7 6. Ne2 O-O 7. O-O b6 8.
Ng3 Re8 9. Nd2 Bb7 10. Re1 c5 11. c3 Nc6 12. Nf3 c4 13. Bc2 b5 14. a3 a5 15.
Ne5 Qb6 16. Nf5 Bf8 17. Bg5 Nxe5 18. Rxe5 Rxe5 19. dxe5 Nd7 20. Be3 Qc7 21. f4
Nc5 22. Nd4 Qb6 23. Qe2 b4 24. axb4 axb4 25. Rxa8 Bxa8 26. f5 bxc3 27. bxc3 Qb2
28. Bd2 Ne4 29. Bxe4 dxe4 30. Be1 Qa1 31. Kf2 Bc5 32. Qd2 Bd5 33. Ke3 Qa6 34.
Bg3 Qa1 35. Qe1 Qb2 36. Qd2 Qb1 37. Be1 Kf8 38. g4 Ba3 39. Ne2 Qb6+ 40. Kf4 Qb7
41. Qd4 Be7 42. g5 Ke8 43. Ng3 e3 44. Qxe3 Bg2 45. Ne4 Qxe4+ 46. Qxe4 Bxg5+ 47.
Kxg5 Bxe4 48. Kf4 Bd3 1/2-1/2

[Event "NB I. Charousek csoport"]
[Site "Szombathely"]
[Date "2024.05.12"]
[Round "11.11"]
[White "Restar, Laszlo Dr"]
[Black "Pergel, Bence"]
[Result "1/2-1/2"]
[WhiteElo "1872"]
[BlackElo "1748"]
[PlyCount "28"]
[EventDate "2023.10.08"]
[EventType "team-tourn"]
[EventRounds "11"]
[EventCountry "HUN"]
[Source "chess.hu"]
[WhiteTeam "Gyori Elektromos"]
[BlackTeam "Haladas VSE II."]
[WhiteTeamCountry "HUN"]
[BlackTeamCountry "HUN"]

1. e4 e5 2. Nf3 Nc6 3. Bc4 Nf6 4. d4 exd4 5. e5 d5 6. Bb5 Ne4 7. Nxd4 Bc5 8.
O-O Bd7 9. Bxc6 Bxc6 10. Be3 O-O 11. Nxc6 bxc6 12. Bxc5 Nxc5 13. Nd2 Re8 14. f4
Rb8 1/2-1/2

[Event "NB I. Charousek csoport"]
[Site "Szombathely"]
[Date "2024.05.12"]
[Round "11.12"]
[White "Balogh, Gerda"]
[Black "Illes-Nagy, Nora"]
[Result "1/2-1/2"]
[WhiteElo "1691"]
[BlackElo "1862"]
[PlyCount "45"]
[EventDate "2023.10.08"]
[EventType "team-tourn"]
[EventRounds "11"]
[EventCountry "HUN"]
[Source "chess.hu"]
[WhiteTeam "Haladas VSE II."]
[BlackTeam "Gyori Elektromos"]
[WhiteTeamCountry "HUN"]
[BlackTeamCountry "HUN"]

1. e4 c5 2. Nf3 e6 3. d4 cxd4 4. Nxd4 Nc6 5. Nc3 Qc7 6. Be3 a6 7. Be2 Nf6 8.
O-O Be7 9. Qd2 O-O 10. f4 Bb4 11. Bf3 d6 12. a3 Nxd4 13. axb4 Nxf3+ 14. Rxf3
Bd7 15. Bd4 e5 16. Bf2 Bc6 17. Re1 Ng4 18. f5 Nxf2 19. Qxf2 f6 20. Kh1 Rfd8 21.
Rd3 Rd7 22. Red1 Rad8 23. Qe3 1/2-1/2

[Event "NB I. Maroczy csoport"]
[Site "Kisujszallas"]
[Date "2023.10.08"]
[Round "1.1"]
[White "Manik, Mikulas"]
[Black "Berebora, Ferenc"]
[Result "1-0"]
[WhiteElo "2332"]
[BlackElo "2406"]
[PlyCount "123"]
[EventDate "2023.10.08"]
[EventType "team-tourn"]
[EventRounds "11"]
[EventCountry "HUN"]
[Source "chess.hu"]
[WhiteTeam "Pitypalatty Sakk SE"]
[BlackTeam "Kumania-Kisujszallas"]
[WhiteTeamCountry "HUN"]
[BlackTeamCountry "HUN"]

1. e4 e5 2. Nf3 Nc6 3. Bb5 a6 4. Ba4 Nf6 5. d3 d6 6. c3 Be7 7. O-O O-O 8. Re1
b5 9. Bc2 Re8 10. Nbd2 Bf8 11. Nf1 h6 12. Ng3 g6 13. h3 Bb7 14. d4 Bg7 15. a3
Nd7 16. Be3 exd4 17. cxd4 Na5 18. b3 c5 19. Qd2 Nc6 20. Rad1 Nxd4 21. Nxd4 cxd4
22. Bxd4 Re6 23. Bxg7 Kxg7 24. f4 Qb6+ 25. Kh2 Rc8 26. Re2 Rc7 27. b4 Nf6 28.
f5 Re5 29. fxg6 fxg6 30. Qxd6 Qxd6 31. Rxd6 h5 32. Rf2 Ne8 33. Rb6 h4 34. Nf1
Bxe4 35. Bxe4 Rxe4 36. Nd2 Rd4 37. Rxa6 Rd6 38. Ra8 Rc2 39. Rxe8 Rdxd2 40. Rxd2
Rxd2 41. Re4 Rd3 42. Rxh4 Rxa3 43. Rf4 Rb3 44. h4 Kh6 45. g3 g5 46. hxg5+ Kxg5
47. Kh3 Rb1 48. Rg4+ Kf5 49. Rd4 Rh1+ 50. Kg2 Rb1 51. Rh4 Rc1 52. Kf3 Rc3+ 53.
Kf2 Kg5 54. Rf4 Rb3 55. Rd4 Rb2+ 56. Kf3 Rb3+ 57. Ke4 Rxg3 58. Kd5 Rc3 59. Kd6
Kf6 60. Rd5 Rc1 61. Rxb5 Rd1+ 62. Rd5 1-0

[Event "NB I. Maroczy csoport"]
[Site "Kisujszallas"]
[Date "2023.10.08"]
[Round "1.2"]
[White "Balla, Tamas-Kristof"]
[Black "Leszko, Bence"]
[Result "1/2-1/2"]
[WhiteElo "2308"]
[BlackElo "2218"]
[PlyCount "41"]
[EventDate "2023.10.08"]
[EventType "team-tourn"]
[EventRounds "11"]
[EventCountry "HUN"]
[Source "chess.hu"]
[WhiteTeam "Kumania-Kisujszallas"]
[BlackTeam "Pitypalatty Sakk SE"]
[WhiteTeamCountry "HUN"]
[BlackTeamCountry "HUN"]

1. e4 c5 2. Nf3 Nc6 3. d4 cxd4 4. Nxd4 Nf6 5. Nc3 d6 6. Bg5 Qa5 7. Bb5 Bd7 8.
Nb3 Qd8 9. Qd2 a6 10. Be2 b5 11. f4 e6 12. Bf3 h6 13. Bxf6 Qxf6 14. O-O-O Qd8
15. Nd4 Qb6 16. e5 d5 17. Nxc6 Bxc6 18. f5 Bc5 19. Kb1 O-O-O 20. fxe6 fxe6 21.
Ne2 1/2-1/2

[Event "NB I. Maroczy csoport"]
[Site "Kisujszallas"]
[Date "2023.10.08"]
[Round "1.3"]
[White "Papp, Tamas"]
[Black "Meszaros, Gyula"]
[Result "1/2-1/2"]
[WhiteElo "2314"]
[BlackElo "2293"]
[PlyCount "20"]
[EventDate "2023.10.08"]
[EventType "team-tourn"]
[EventRounds "11"]
[EventCountry "HUN"]
[Source "chess.hu"]
[WhiteTeam "Pitypalatty Sakk SE"]
[BlackTeam "Kumania-Kisujszallas"]
[WhiteTeamCountry "HUN"]
[BlackTeamCountry "HUN"]

1. d4 Nf6 2. c4 e6 3. Nf3 Bb4+ 4. Nbd2 d5 5. a3 Be7 6. g3 O-O 7. Bg2 Nbd7 8.
O-O c6 9. Qc2 b6 10. e4 Bb7 1/2-1/2

[Event "NB I. Maroczy csoport"]
[Site "Kisujszallas"]
[Date "2023.10.08"]
[Round "1.5"]
[White "Daroczi, Donat"]
[Black "Nagy, Attila N"]
[Result "0-1"]
[WhiteElo "2105"]
[BlackElo "2164"]
[PlyCount "94"]
[EventDate "2023.10.08"]
[EventType "team-tourn"]
[EventRounds "11"]
[EventCountry "HUN"]
[Source "chess.hu"]
[WhiteTeam "Pitypalatty Sakk SE"]
[BlackTeam "Kumania-Kisujszallas"]
[WhiteTeamCountry "HUN"]
[BlackTeamCountry "HUN"]

1. e4 c5 2. Nf3 d6 3. d4 cxd4 4. Nxd4 Nf6 5. Nc3 Nc6 6. Bg5 g6 7. Bxf6 exf6 8.
Bb5 Bd7 9. Nde2 a6 10. Ba4 Be7 11. Qd2 O-O 12. O-O-O f5 13. Bb3 Rc8 14. f4 Na5
15. e5 Nxb3+ 16. axb3 Bc6 17. exd6 Bf6 18. Rhg1 b5 19. Kb1 b4 20. Nd5 Qxd6 21.
Nxf6+ Qxf6 22. Qxb4 Qh4 23. h3 Qf2 24. Qe1 Qe3 25. Qd2 Rfe8 26. Nd4 Bb7 27. Ka2
Qg3 28. Ne2 Qf2 29. Nd4 Qg3 30. Ne2 Qf2 31. Nc3 Qg3 32. Rdf1 a5 33. Qf2 Rxc3
34. bxc3 Qxc3 35. Re1 Be4 36. Re3 Qc6 37. Kb2 a4 38. Ra1 Qf6+ 39. c3 axb3 40.
Re2 Rb8 41. Rd2 Qc6 42. g3 Bc2 43. Ra7 Qh1 44. c4 Qb1+ 45. Kc3 Be4 46. Rdd7 b2
47. Qd2 Qc1+ 0-1

[Event "NB I. Maroczy csoport"]
[Site "Kisujszallas"]
[Date "2023.10.08"]
[Round "1.6"]
[White "Pletl, Akos"]
[Black "Zambor, Norbert"]
[Result "1/2-1/2"]
[WhiteElo "2155"]
[BlackElo "2203"]
[PlyCount "50"]
[EventDate "2023.10.08"]
[EventType "team-tourn"]
[EventRounds "11"]
[EventCountry "HUN"]
[Source "chess.hu"]
[WhiteTeam "Kumania-Kisujszallas"]
[BlackTeam "Pitypalatty Sakk SE"]
[WhiteTeamCountry "HUN"]
[BlackTeamCountry "HUN"]

1. d4 Nf6 2. c4 g6 3. Nc3 d5 4. cxd5 Nxd5 5. e4 Nxc3 6. bxc3 Bg7 7. Bc4 O-O 8.
Ne2 c5 9. O-O cxd4 10. cxd4 Nc6 11. Be3 Bg4 12. f3 Na5 13. Bd3 Be6 14. d5 Bxa1
15. Qxa1 f6 16. Bh6 Re8 17. Kh1 Rc8 18. Nf4 Bf7 19. Bb5 Nc4 20. Bxe8 Qxe8 21.
Nd3 Nd6 22. Bf4 e5 23. dxe6 Qxe6 24. e5 Ne8 25. Qb1 b6 1/2-1/2

[Event "NB I. Maroczy csoport"]
[Site "Kisujszallas"]
[Date "2023.10.08"]
[Round "1.7"]
[White "Kovacs, Apollo"]
[Black "Muhari, Istvan"]
[Result "1/2-1/2"]
[WhiteElo "2167"]
[BlackElo "2141"]
[PlyCount "25"]
[EventDate "2023.10.08"]
[EventType "team-tourn"]
[EventRounds "11"]
[EventCountry "HUN"]
[Source "chess.hu"]
[WhiteTeam "Pitypalatty Sakk SE"]
[BlackTeam "Kumania-Kisujszallas"]
[WhiteTeamCountry "HUN"]
[BlackTeamCountry "HUN"]

1. d4 d5 2. Nf3 Nf6 3. Bf4 e6 4. e3 Nbd7 5. Nbd2 Be7 6. h3 O-O 7. Bd3 c5 8. c3
b6 9. Ne5 Bb7 10. O-O Nxe5 11. Bxe5 Nd7 12. Bh2 f5 13. Qe2 1/2-1/2

[Event "NB I. Maroczy csoport"]
[Site "Kisujszallas"]
[Date "2023.10.08"]
[Round "1.8"]
[White "Balogh, David"]
[Black "Eberth, Zoltan Bela"]
[Result "0-1"]
[WhiteElo "2180"]
[BlackElo "2000"]
[PlyCount "64"]
[EventDate "2023.10.08"]
[EventType "team-tourn"]
[EventRounds "11"]
[EventCountry "HUN"]
[Source "chess.hu"]
[WhiteTeam "Kumania-Kisujszallas"]
[BlackTeam "Pitypalatty Sakk SE"]
[WhiteTeamCountry "HUN"]
[BlackTeamCountry "HUN"]

1. d4 e6 2. Bf4 b6 3. e3 Bb7 4. Nf3 f5 5. a3 Nf6 6. c4 Be7 7. h3 O-O 8. Nc3 d6
9. g4 e5 10. Bh2 Ne4 11. Bg2 Nxf2 12. Kxf2 fxg4 13. hxg4 e4 14. Nxe4 Bxe4 15.
Bf4 d5 16. cxd5 Qxd5 17. Kg3 Nd7 18. Rh5 Qe6 19. g5 Bd6 20. Rh4 Rae8 21. Rc1
Bxf3 22. Qxf3 Qxe3 23. Rc3 Qe1+ 24. Kh3 Qxh4+ 25. Kxh4 Rxf4+ 26. Qxf4 Bxf4 27.
Bd5+ Kh8 28. Kg4 Bd6 29. Bc6 Rd8 30. Kf5 Nf8 31. Re3 Ng6 32. Be8 Ne7+ 0-1

[Event "NB I. Maroczy csoport"]
[Site "Kisujszallas"]
[Date "2023.10.08"]
[Round "1.9"]
[White "Paal, Andras"]
[Black "Simonyi, Zoltan"]
[Result "1/2-1/2"]
[WhiteElo "2002"]
[BlackElo "2094"]
[PlyCount "31"]
[EventDate "2023.10.08"]
[EventType "team-tourn"]
[EventRounds "11"]
[EventCountry "HUN"]
[Source "chess.hu"]
[WhiteTeam "Pitypalatty Sakk SE"]
[BlackTeam "Kumania-Kisujszallas"]
[WhiteTeamCountry "HUN"]
[BlackTeamCountry "HUN"]

1. Nc3 d5 2. e4 d4 3. Nce2 e5 4. Nf3 Bd6 5. Ng3 f6 6. Bc4 Ne7 7. Nh5 Kf8 8. d3
Bg4 9. Nxd4 Qc8 10. f3 Bxh5 11. Ne6+ Kg8 12. Nd8+ Kf8 13. Ne6+ Kg8 14. Nd8+ Kf8
15. Ne6+ Kg8 16. Nd8+ 1/2-1/2

[Event "NB I. Maroczy csoport"]
[Site "Kisujszallas"]
[Date "2023.10.08"]
[Round "1.10"]
[White "Fekete, Albert"]
[Black "Mizik, Zsolt"]
[Result "1-0"]
[WhiteElo "2061"]
[BlackElo "1984"]
[PlyCount "77"]
[EventDate "2023.10.08"]
[EventType "team-tourn"]
[EventRounds "11"]
[EventCountry "HUN"]
[Source "chess.hu"]
[WhiteTeam "Kumania-Kisujszallas"]
[BlackTeam "Pitypalatty Sakk SE"]
[WhiteTeamCountry "HUN"]
[BlackTeamCountry "HUN"]

1. Nf3 d5 2. g3 c5 3. Bg2 Nc6 4. O-O g6 5. d3 Bg7 6. Nbd2 e6 7. e4 Nge7 8. Re1
b6 9. e5 Qc7 10. Qe2 a5 11. h4 h6 12. Nf1 Ba6 13. c3 Rd8 14. Bf4 g5 15. hxg5
Ng6 16. N1h2 Nxf4 17. gxf4 d4 18. c4 Ne7 19. Ng4 Ng6 20. Qd2 hxg5 21. Nxg5 Rh4
22. f3 Bb7 23. Kf2 Ke7 24. Rh1 Rdh8 25. Rxh4 Nxh4 26. Rh1 Qb8 27. Ne4 Nf5 28.
Qe1 Nh4 29. Nd6 Ba8 30. Kg3 Ng6 31. Rxh8 Bxh8 32. Qh1 Qg8 33. Ne4 Bxe4 34. fxe4
Bxe5 35. fxe5 Nxe5 36. Qh4+ Kd6 37. Bf1 f5 38. exf5 Qg7 39. Qd8+ 1-0

[Event "NB I. Maroczy csoport"]
[Site "Kisujszallas"]
[Date "2023.10.08"]
[Round "1.11"]
[White "Mizik, Tamas dr"]
[Black "Atkins, Rita"]
[Result "1/2-1/2"]
[WhiteElo "2007"]
[BlackElo "2035"]
[PlyCount "61"]
[EventDate "2023.10.08"]
[EventType "team-tourn"]
[EventRounds "11"]
[EventCountry "HUN"]
[Source "chess.hu"]
[WhiteTeam "Pitypalatty Sakk SE"]
[BlackTeam "Kumania-Kisujszallas"]
[WhiteTeamCountry "HUN"]
[BlackTeamCountry "HUN"]

1. e4 d6 2. Nc3 Nf6 3. Bc4 e5 4. Nf3 Be7 5. d3 h6 6. h3 Nbd7 7. Be3 c6 8. a4
Nf8 9. O-O Qc7 10. d4 Rg8 11. dxe5 dxe5 12. Nh2 g5 13. Ng4 Nxg4 14. hxg4 Ng6
15. g3 Bb4 16. Qf3 Qe7 17. Na2 Ba5 18. Kg2 Nf8 19. Rh1 Rg6 20. Rad1 Bb6 21.
Bxb6 axb6 22. Bb3 Nd7 23. Qe2 Nc5 24. f3 Nxa4 25. Bxa4 Rxa4 26. Nc3 Rd4 27. Nb1
Kf8 28. c3 Rxd1 29. Qxd1 Kg7 30. Na3 Rd6 31. Qe2 1/2-1/2